Voting in a pandemic: Covid-19 and primary turnout in Milwaukee, Wisconsin (Record no. 520693)

000 -LEADER
fixed length control field 01323nam a22001577a 4500
008 - FIXED-LENGTH DATA ELEMENTS--GENERAL INFORMATION
fixed length control field 221007b ||||| |||| 00| 0 eng d
100 ## - MAIN ENTRY--PERSONAL NAME
Personal name Morris, Kevin and Miller, Peter
245 ## - TITLE STATEMENT
Title Voting in a pandemic: Covid-19 and primary turnout in Milwaukee, Wisconsin
260 ## - PUBLICATION, DISTRIBUTION, ETC. (IMPRINT)
Place of publication, distribution, etc Urban Affairs Review
300 ## - PHYSICAL DESCRIPTION
Extent 58(2), Mar, 2022: p.597-613
520 ## - SUMMARY, ETC.
Summary, etc We report the first study of the effect of the novel coronavirus SARS-CoV-2 (COVID-19) on polling place consolidation and voting behavior. We draw upon individual-level observations from Milwaukee matched to similar observations in the surrounding municipalities to assess whether fewer polling places in the April 2020 presidential primary election decreased turnout in the city. We find polling place consolidation reduced overall turnout by about 8.7 points and reduced turnout among the Black population in the city by about 10 points. We conclude, based on these data, that polling place consolidation even accompanied by widespread absentee voting in the face of an emergency may result in disenfranchisement, particularly among Black voters. – Reproduced
650 ## - SUBJECT ADDED ENTRY--TOPICAL TERM
Topical term or geographic name as entry element Covid-19, Polling place consolidation, Regression discontinuity in space, Voter turnout.
9 (RLIN) 33559
773 ## - HOST ITEM ENTRY
Main entry heading Urban Affairs Review
906 ## - LOCAL DATA ELEMENT F, LDF (RLIN)
Subject DIP ELECTIONS
942 ## - ADDED ENTRY ELEMENTS (KOHA)
Item type Articles
Holdings
Withdrawn status Lost status Source of classification or shelving scheme Damaged status Not for loan Permanent location Current location Date acquired Serial Enumeration / chronology Barcode Date last seen Koha item type
          Indian Institute of Public Administration Indian Institute of Public Administration 2022-10-07 58(2), Mar, 2022: p.597-613 AR127275 2022-10-07 Articles

Powered by Koha